000 00482cam a2200193 4500
001 D3971
008 090401t1946 xxu||||| |||| 00| 0 eng d
035 _a(Sirsi) u75799
041 _aeng
050 _a336.2002463
100 _aGardiner, R Strachan
245 4 _aThe agricultural landowner`s handbook on taxation..
250 _a7th
260 _aLondon
_bCentral Landowners` Association
_c1946
300 _a348p. 19cm
350 _a0
942 _n0
948 _c04/03/1997
999 _c96077
_d96077